Rob Reiner - Director's Filmography - Statistics

General Stats
  • This quiz has been taken 9 times
  • The average score is 10 of 22
Answer Stats
Year Movie Director Writer Producer % Correct
1992 A Few Good Men Yes No Yes
88%
1990 Misery Yes No Yes
88%
1986 Stand by Me Yes No No
88%
1987 The Princess Bride Yes No No
88%
1984 This is Spinal Tap Yes Yes No
88%
1989 When Harry Met Sally... Yes Revision Yes
88%
2016 LBJ Yes No Yes
50%
1994 North Yes No Yes
50%
2007 The Bucket List Yes No Yes
50%
2010 Flipped Yes Yes Yes
38%
2017 Shock & Awe Yes No Yes
38%
2025 Spinal Tap II: The End Continues Yes Yes Yes
38%
1995 The American President Yes No Yes
38%
1985 The Sure Thing Yes No No
38%
2023 Albert Brooks: Defending My Life Yes No Yes
25%
2003 Alex & Emma Yes Revision Yes
25%
1996 Ghosts of Mississippi Yes No Yes
25%
2005 Rumor Has It... Yes No No
25%
1999 The Story of Us Yes No Yes
25%
2014 And So It Goes Yes No Yes
13%
2015 Being Charlie Yes No Yes
13%
2012 The Magic of Belle Isle Yes Yes Yes
13%
No matching quizzes found
Score Distribution
Percent of People with Each Score
Percentile by Number Answered
Your Score History
You have not taken this quiz